| 000 | 01482nam a2200373Ii 4500 | ||
|---|---|---|---|
| 001 | DIGRAMA0400 | ||
| 003 | NyNyDIG | ||
| 007 | cr ||||||||||| | ||
| 008 | 230815s2023 sp o 000 0 spa d | ||
| 006 | m o d | ||
| 035 | _a(OCoLC)1395570673 | ||
| 040 |
_aDGITA _beng _erda _epn _cDGITA |
||
| 020 |
_a9788419857002 _qePub |
||
| 020 |
_z9788419444714 _qimpreso |
||
| 050 | 1 | 4 | _aQA76.9.B56 ebook |
| 100 | 1 |
_aGiusto Kantfish, Emanuele, _eauthor. |
|
| 245 | 1 | 4 |
_aLas claves para adentrarse en la cryptojungla : _blas finanzas low cost y su repercusión en el panorama económico global / _cEmanuele Giusto Kantfish. |
| 264 | 1 |
_aParacuellos de Jarama, Madrid : _bRa-Ma, _c[2023] |
|
| 300 | _a1 online resource. | ||
| 336 |
_atext _btxt _2rdacontent |
||
| 337 |
_acomputer _bc _2rdamedia |
||
| 338 |
_aonline resource _bcr _2rdacarrier |
||
| 347 |
_atext file _2rdaft |
||
| 347 | _bEPUB | ||
| 588 | 0 | _aOnline resource; title from ePub title page (Digitalia, viewed August 15, 2023) | |
| 650 | 0 | _aBlockchains (Databases) | |
| 650 | 0 | _aCryptocurrencies. | |
| 791 | 2 |
_aDigitalia (Firm), _edistributor. |
|
| 793 | 0 |
_gDigitalia eBook Collection: _aRa-Ma Editorial |
|
| 776 | 0 | 8 |
_iPrint version: _aGiusto Kantfish, Emanuele. _tClaves para adentrarse en la cryptojungla. _dParacuellos de Jarama, Madrid : Ra-Ma, [2023] _z9788419444714 |
| 856 | 4 | 0 |
_3Digitalia Hispánica _uhttps://www.digitaliapublishing.com/a/127662/ |
| 910 | _aPremium collection: 2023 | ||
| 942 | _cRAA | ||
| 999 |
_c278817 _d278817 |
||